[Event "XIII Festival A"]
[Site "Bolzano - Bozen ITA"]
[Date "1998.06.16"]
[Round "5"]
[White "Erschbaumer, Helmut"]
[Black "Squarci, Franco"]
[WhiteElo "1600"]
[BlackElo "1948"]
[Result "1-0"]
[PlyCount "55"]
[EventDate "1998.06.13"]

1. e4 Nf6 2. Bc4 d6 3. Nc3 c6 4. d4 b5 5. Bd3 b4 6. Nce2 Nbd7 7. a3 bxa3 8.
Rxa3 e5 9. d5 cxd5 10. exd5 Nxd5 11. Be4 N5b6 12. Bxa8 Nxa8 13. Rxa7 Nab6 14.
Nc3 Be7 15. Nb5 Nf6 16. Nc7+ Kf8 17. Ne2 Bf5 18. Ng3 Bg6 19. Be3 Nfd7 20. Nd5
Qb8 21. Qa1 Bd8 22. Nxb6 Nxb6 23. Qa6 Nd5 24. Rb7 Ba5+ 25. Qxa5 Qe8 26. Qxd5
Bxc2 27. Qxd6+ Kg8 28. Rb8 1-0

[Event "XIII Festival A"]
[Site "Bolzano - Bozen ITA"]
[Date "1998.06.16"]
[Round "5"]
[White "Jaenig, Reinhard"]
[Black "Staindl, Erwin"]
[WhiteElo "2215"]
[BlackElo "1804"]
[Result "1-0"]
[PlyCount "79"]
[EventDate "1998.06.13"]

1. e4 Nf6 2. e5 Nd5 3. d4 d6 4. c4 Nb6 5. exd6 cxd6 6. Nc3 g6 7. h3 Bg7 8. Nf3
Bf5 9. Be2 Nc6 10. Be3 O-O 11. O-O d5 12. c5 Nc4 13. Bxc4 dxc4 14. Qd2 Bd3 15.
Rfd1 e5 16. d5 Nd4 17. Ne1 e4 18. Nxd3 cxd3 19. Nxe4 Nc2 20. Rab1 Nxe3 21. Qxe3
Qxd5 22. Qxd3 Qxa2 23. b3 Rac8 24. Qd5 Qa6 25. Nd6 Rc7 26. b4 Qc6 27. Qc4 b6
28. Nb5 Re7 29. Rd6 Qc8 30. c6 a6 31. Nc3 Rfe8 32. g4 Be5 33. Ne4 Bxd6 34. Nxd6
Re1+ 35. Kg2 Qe6 36. Rxe1 Qxe1 37. Nxe8 Qxe8 38. c7 Qc8 39. Qc6 Kg7 40. Qxb6
1-0

[Event "XIII Festival A"]
[Site "Bolzano - Bozen ITA"]
[Date "1998.06.16"]
[Round "5"]
[White "Trentini, Danilo"]
[Black "Kowalczyk, Martin"]
[WhiteElo "1957"]
[BlackElo "1965"]
[Result "1-0"]
[PlyCount "146"]
[EventDate "1998.06.13"]

1. d4 Nf6 2. Nf3 e6 3. c4 b6 4. Nc3 Bb4 5. e3 O-O 6. Bd3 Bb7 7. O-O d5 8. a3
Be7 9. cxd5 Nxd5 10. Qe2 Nxc3 11. bxc3 Qd5 12. Rd1 Qh5 13. Bb2 Nd7 14. Rac1 Nf6
15. e4 Qh6 16. Ne5 Qh4 17. f3 Bd6 18. g3 Qh5 19. Nc4 Be7 20. Ne3 Rfd8 21. c4 c5
22. d5 exd5 23. cxd5 Re8 24. Bb5 Red8 25. Nf5 Bf8 26. Bxf6 gxf6 27. g4 Qg5 28.
Ba6 Bxa6 29. Qxa6 Rd7 30. Qb5 Rad8 31. a4 Qf4 32. Qe2 Bd6 33. Rc2 Rb8 34. Qe3
Qxe3+ 35. Nxe3 Be5 36. Nf5 Rc8 37. Kf1 Kf8 38. h3 Ke8 39. Ke2 Bf4 40. Kd3 Kd8
41. Kc4 a6 42. Rb1 Rb7 43. Rcb2 Rcb8 44. d6 Kd7 45. Kd5 Be5 46. Rb3 Bf4 47. Ne7
c4 48. Kxc4 Bxd6 49. Nd5 b5+ 50. axb5 axb5+ 51. Rxb5 Rxb5 52. Rxb5 Rxb5 53.
Kxb5 Be5 54. Kc5 Bb2 55. Nf4 Be5 56. Nd3 Ba1 57. Kd5 Bc3 58. Nc5+ Ke7 59. Nb3
Be5 60. Nd4 Kd7 61. Nf5 Bf4 62. Nh4 Bg3 63. Ng2 Be5 64. Ne1 Bb2 65. Nd3 Bc3 66.
e5 fxe5 67. Nxe5+ Ke7 68. Ke4 Kf6 69. f4 Ba5 70. h4 Be1 71. h5 Ba5 72. Nf3 Bb6
73. Ne5 h6 1-0

[Event "XIII Festival A"]
[Site "Bolzano - Bozen ITA"]
[Date "1998.06.16"]
[Round "5"]
[White "Zammarchi, Massimo"]
[Black "Zaja, Ivan"]
[WhiteElo "1798"]
[BlackElo "2450"]
[Result "0-1"]
[PlyCount "60"]
[EventDate "1998.06.13"]

1. e4 Nc6 2. d4 d5 3. Nc3 dxe4 4. d5 Ne5 5. Qd4 Ng6 6. Bb5+ Bd7 7. Bc4 Nf6 8.
Nxe4 e5 9. dxe6 Bxe6 10. Nxf6+ Qxf6 11. Qxf6 gxf6 12. Bb3 O-O-O 13. Ne2 Nh4 14.
Nf4 Bxb3 15. axb3 Bb4+ 16. c3 Rhe8+ 17. Be3 Bc5 18. Ke2 Nf5 19. Rhd1 Rxd1 20.
Kxd1 Nxe3+ 21. fxe3 Bxe3 22. Nd5 Bf2 23. Kc2 Re2+ 24. Kd3 Rxb2 25. Nxf6 Bh4 26.
Nxh7 Rxg2 27. Rxa7 Rxh2 28. Ra5 Rh3+ 29. Kd4 Be1 30. Ng5 Rxc3 0-1

[Event "XIII Festival A"]
[Site "Bolzano - Bozen ITA"]
[Date "1998.06.17"]
[Round "6"]
[White "Astengo, Marcello"]
[Black "Duarte, Riccardo"]
[WhiteElo "2075"]
[BlackElo "1822"]
[Result "1-0"]
[PlyCount "115"]
[EventDate "1998.06.13"]

1. d4 d5 2. Nf3 c6 3. c3 Nf6 4. Bf4 Nbd7 5. e3 Ne4 6. Bd3 Ndf6 7. Ne5 g5 8. Bg3
h5 9. f3 h4 10. Bf2 Nxf2 11. Kxf2 Nd7 12. Ng4 e6 13. e4 Qb6 14. Qe2 dxe4 15.
Bxe4 c5 16. Rd1 cxd4 17. cxd4 Bg7 18. Qd2 f5 19. Nc3 fxe4 20. Nxe4 h3 21. g3
O-O 22. Nxg5 Ne5 23. Nxe5 Bxe5 24. Qd3 Rf5 25. Nxh3 Qxb2+ 26. Kg1 Qb6 27. Rab1
Bxd4+ 28. Qxd4 Qxd4+ 29. Rxd4 Rxf3 30. Rc1 e5 31. Rd8+ Rf8 32. Rxf8+ Kxf8 33.
Nf2 Bf5 34. Rc7 Rb8 35. g4 Bb1 36. a3 e4 37. Kf1 e3 38. Nd1 Bd3+ 39. Ke1 a6 40.
Nxe3 Re8 41. Kd2 Be4 42. h4 Rd8+ 43. Ke2 b5 44. Ra7 Rd6 45. g5 Bg6 46. Ng2 Rc6
47. Nf4 Bf5 48. h5 Rc4 49. Ke3 Rc3+ 50. Kd4 Rxa3 51. Ke5 Bc2 52. Kf6 Ke8 53. g6
Rf3 54. Kg5 Rg3+ 55. Kh6 Rg4 56. g7 Bb3 57. Ng6 Bg8 58. Ra8+ 1-0

[Event "XIII Festival A"]
[Site "Bolzano - Bozen ITA"]
[Date "1998.06.17"]
[Round "6"]
[White "Bertagnolli, Alexander"]
[Black "Trentini, Danilo"]
[WhiteElo "1693"]
[BlackElo "1957"]
[Result "0-1"]
[PlyCount "72"]
[EventDate "1998.06.13"]

1. g3 d5 2. Bg2 c6 3. f4 g6 4. Nf3 Bg7 5. e3 Nd7 6. d4 Ndf6 7. c4 Ne4 8. Nc3
Ngf6 9. O-O O-O 10. Bd2 Bg4 11. Be1 Rc8 12. cxd5 Nxc3 13. Bxc3 cxd5 14. h3 Bxf3
15. Bxf3 Ne4 16. Bxe4 dxe4 17. Qa4 a6 18. Rac1 Qd5 19. Qa5 Qc4 20. Kf2 Qe6 21.
g4 b5 22. b3 Rc6 23. Bb4 Rxc1 24. Rxc1 h5 25. Rg1 hxg4 26. Rxg4 Rc8 27. Bc5 f5
28. Rg2 Kf7 29. Kg1 Bf6 30. Kh2 Rh8 31. Qb6 Qc8 32. d5 Rxh3+ 33. Kg1 Qh8 34.
Bb4 Rh1+ 35. Kf2 Qh4+ 36. Ke2 Qh5+ 0-1

[Event "XIII Festival A"]
[Site "Bolzano - Bozen ITA"]
[Date "1998.06.17"]
[Round "6"]
[White "Dallaglio, Giovanni"]
[Black "Zammarchi, Massimo"]
[WhiteElo "2055"]
[BlackElo "1798"]
[Result "1-0"]
[PlyCount "60"]
[EventDate "1998.06.13"]

1. d4 Nf6 2. Nf3 c5 3. d5 e6 4. c4 exd5 5. cxd5 d6 6. Nc3 g6 7. Nd2 Bg7 8. e4
O-O 9. Be2 Na6 10. O-O Nc7 11. a4 Rb8 12. Nc4 Nfe8 13. f4 a6 14. a5 Nb5 15.
Nxb5 axb5 16. Nb6 b4 17. Bc4 Bd4+ 18. Kh1 Nf6 19. Nxc8 Rxc8 20. Qf3 Qe7 21. e5
dxe5 22. fxe5 Qxe5 23. Bf4 Qh5 24. Qxh5 Nxh5 25. Bd6 Rfe8 26. a6 bxa6 27. Rxa6
Rcd8 28. Bc7 Rd7 29. d6 Re5 30. g4 Bxb2 1-0

[Event "XIII Festival A"]
[Site "Bolzano - Bozen ITA"]
[Date "1998.06.17"]
[Round "6"]
[White "Di Lazzaro, Gabriele"]
[Black "Mrdja, Milan"]
[WhiteElo "2030"]
[BlackElo "2380"]
[Result "1/2-1/2"]
[PlyCount "41"]
[EventDate "1998.06.13"]

1. Nf3 g6 2. g3 Bg7 3. Bg2 Nf6 4. O-O O-O 5. d4 d6 6. b3 e5 7. dxe5 Nfd7 8. Bb2
Nc6 9. c4 Ndxe5 10. Nxe5 Nxe5 11. Qd2 a6 12. Nc3 Rb8 13. Rac1 Bd7 14. Rfd1 Bc6
15. Nd5 Re8 16. f4 Nd7 17. Bxg7 Kxg7 18. Qd4+ f6 19. Re1 Bxd5 20. Bxd5 c6 21.
Bg2 1/2-1/2

[Event "XIII Festival A"]
[Site "Bolzano - Bozen ITA"]
[Date "1998.06.17"]
[Round "6"]
[White "Kowalczyk, Martin"]
[Black "Staindl, Erwin"]
[WhiteElo "1965"]
[BlackElo "1804"]
[Result "1/2-1/2"]
[PlyCount "102"]
[EventDate "1998.06.13"]

1. e4 Nf6 2. e5 Nd5 3. d4 d6 4. Nf3 Bg4 5. Be2 c6 6. h3 Bxf3 7. Bxf3 dxe5 8.
dxe5 e6 9. O-O Nd7 10. Qe2 Qc7 11. Bxd5 cxd5 12. f4 Be7 13. Be3 a6 14. c3 O-O-O
15. Nd2 f6 16. c4 d4 17. Bxd4 Nxe5 18. Bxe5 fxe5 19. Kh1 exf4 20. Qxe6+ Qd7 21.
Qxd7+ Rxd7 22. Ne4 g5 23. Rfd1 Rhd8 24. Rxd7 Rxd7 25. b3 Bd8 26. Re1 h6 27. Kg1
Rd3 28. Kf1 Bb6 29. Ke2 Re3+ 30. Kf1 Kd7 31. Rxe3 Bxe3 32. Ke2 Ke6 33. Kd3 Ke5
34. b4 Bc1 35. Nc5 Ba3 36. Nxb7 Bxb4 37. Nd8 Bf8 38. a4 Kd6 39. Kd4 Kd7 40. Nf7
Ke6 41. Ne5 Bd6 42. Nd3 Be7 43. Nc1 Kd6 44. Nb3 Kc6 45. Ke5 Bd6+ 46. Kf6 Kd7
47. Kf5 Kc6 48. Kf6 Kd7 49. Nd2 Be7+ 50. Ke5 Bd6+ 51. Kd5 Be7 1/2-1/2

[Event "XIII Festival A"]
[Site "Bolzano - Bozen ITA"]
[Date "1998.06.17"]
[Round "6"]
[White "Ruzzier, Dario"]
[Black "Erschbaumer, Helmut"]
[WhiteElo "2095"]
[BlackElo "1600"]
[Result "0-1"]
[PlyCount "62"]
[EventDate "1998.06.13"]

1. d4 Nf6 2. c4 g6 3. Nc3 Bg7 4. e4 d6 5. f3 O-O 6. Be3 Nc6 7. Qd2 a6 8. Nge2
Rb8 9. Bh6 b5 10. Bxg7 Kxg7 11. h4 h5 12. g4 b4 13. Nd5 e5 14. g5 Nxd5 15. exd5
Ne7 16. O-O-O c6 17. dxe5 cxd5 18. Qf4 Rb6 19. Qf6+ Kg8 20. Nf4 Qc7 21. Nxd5
Nxd5 22. Rxd5 Be6 23. exd6 Rxd6 24. Rxd6 Qxd6 25. Be2 Qc5 26. Qf4 Bf5 27. Rd1
Qa5 28. Bd3 Bxd3 29. Rxd3 Qxa2 30. Rd2 Qa1+ 31. Kc2 Qa4+ 0-1

[Event "XIII Festival A"]
[Site "Bolzano - Bozen ITA"]
[Date "1998.06.17"]
[Round "6"]
[White "Squarci, Franco"]
[Black "Dinser, Hans"]
[WhiteElo "1948"]
[BlackElo "2045"]
[Result "0-1"]
[PlyCount "23"]
[EventDate "1998.06.13"]

1. d4 d5 2. Nf3 c6 3. e3 g6 4. Bd3 Bg7 5. Nc3 Nd7 6. O-O e6 7. e4 dxe4 8. Nxe4
Ngf6 9. Bg5 Qc7 10. Ne5 Nxe4 11. Bxe4 f6 12. Nf3 0-1

[Event "XIII Festival A"]
[Site "Bolzano - Bozen ITA"]
[Date "1998.06.18"]
[Round "7"]
[White "Dallaglio, Giovanni"]
[Black "Di Lazzaro, Gabriele"]
[WhiteElo "2055"]
[BlackElo "2030"]
[Result "1-0"]
[PlyCount "75"]
[EventDate "1998.06.13"]

1. d4 d5 2. c4 Nc6 3. Nc3 dxc4 4. d5 Ne5 5. f4 Ng6 6. e4 e6 7. dxe6 Qxd1+ 8.
Kxd1 fxe6 9. Bxc4 Bd7 10. Be3 O-O-O 11. Kc2 a6 12. Nf3 Be7 13. h4 h5 14. g3 Nh6
15. Rhd1 Ng4 16. Bg1 Rhe8 17. e5 Nf8 18. Ne4 Ba4+ 19. b3 Bc6 20. Nfg5 Ba3 21.
Be2 Ng6 22. Rxd8+ Rxd8 23. Bxg4 hxg4 24. Bc5 Bxc5 25. Nxc5 Ne7 26. Ncxe6 Rg8
27. Nd4 Be8 28. Rf1 c5 29. Nde6 Nd5 30. Kd2 b6 31. f5 Bb5 32. Rc1 Kd7 33. Ne4
Ke7 34. Nxg7 Bc6 35. f6+ Kf8 36. Nf5 Nc7 37. e6 Nd5 38. Ng5 1-0

[Event "XIII Festival A"]
[Site "Bolzano - Bozen ITA"]
[Date "1998.06.18"]
[Round "7"]
[White "Duarte, Riccardo"]
[Black "Kowalczyk, Martin"]
[WhiteElo "1822"]
[BlackElo "1965"]
[Result "1-0"]
[PlyCount "64"]
[EventDate "1998.06.13"]

1. e4 d6 2. d4 Nf6 3. Bb5+ c6 4. Bd3 g6 5. f4 Bg7 6. Nf3 O-O 7. O-O b5 8. Nc3
Bb7 9. Ne2 c5 10. dxc5 Nxe4 11. Bxb5 Nxc5 12. Kh1 Qb6 13. Bc4 Nbd7 14. Bd5 Bxd5
15. Qxd5 Nf6 16. Qg5 Nce4 17. Qh4 Rac8 18. c3 h6 19. Nfd4 Rc5 20. f5 g5 21. Qe1
Ng4 22. h3 Ne5 23. Qd1 Rd5 24. Qc2 Nc5 25. c4 Rxd4 26. Nxd4 Ned3 27. Nb5 Rb8
28. Rb1 a6 29. Nc3 Bd4 30. Nd5 Qa7 31. b4 e6 32. fxe6 fxe6 1-0

[Event "XIII Festival A"]
[Site "Bolzano - Bozen ITA"]
[Date "1998.06.18"]
[Round "7"]
[White "Erschbaumer, Helmut"]
[Black "Rossi, Carlo"]
[WhiteElo "1600"]
[BlackElo "2330"]
[Result "0-1"]
[PlyCount "76"]
[EventDate "1998.06.13"]

1. e4 Nf6 2. Bc4 Nxe4 3. Bxf7+ Kxf7 4. Qh5+ Kg8 5. Qd5+ e6 6. Qxe4 d5 7. Qe2 c5
8. Nf3 Nc6 9. c3 Qf6 10. d3 Bd6 11. Na3 Bd7 12. Nc2 h6 13. d4 b6 14. Bd2 Be8
15. O-O Bg6 16. Qb5 Rc8 17. Rac1 Kh7 18. Be3 c4 19. b3 Bd3 20. Rfd1 Be2 21. Ne5
Bxe5 22. dxe5 Nxe5 23. Nd4 Bxd1 24. Rxd1 cxb3 25. axb3 Rxc3 26. Ne2 Rxe3 27.
fxe3 Rf8 28. Nf4 g5 29. Nh3 Qf5 30. Qa6 Rf7 31. Rc1 Qe4 32. Qe2 Ng4 33. Re1 a5
34. Qd2 e5 35. Qc3 b5 36. Qc5 d4 37. Qxb5 Nxe3 38. Qe2 g4 0-1

[Event "XIII Festival A"]
[Site "Bolzano - Bozen ITA"]
[Date "1998.06.18"]
[Round "7"]
[White "Squarci, Franco"]
[Black "Ruzzier, Dario"]
[WhiteElo "1948"]
[BlackElo "2095"]
[Result "0-1"]
[PlyCount "88"]
[EventDate "1998.06.13"]

1. d4 d5 2. Nf3 Nf6 3. Bf4 e6 4. c3 c5 5. e3 Nc6 6. Nbd2 Qb6 7. Qb3 c4 8. Qxb6
axb6 9. Bc7 b5 10. Be2 b4 11. O-O bxc3 12. bxc3 Ba3 13. Rfb1 O-O 14. Ne5 Ne8
15. Bb6 f6 16. Nxc6 bxc6 17. Bc5 Bxc5 18. dxc5 Nc7 19. a4 Na6 20. Rb6 Bd7 21.
Bd1 Nxc5 22. Nf3 Ne4 23. Ra3 e5 24. Bc2 Nc5 25. a5 Ra6 26. Rb1 Rfa8 27. Nd2 g6
28. e4 Rxa5 29. Rxa5 Rxa5 30. f3 Ra2 31. Rc1 Be6 32. Kf1 d4 33. Ke1 dxc3 34.
Nb1 Nb3 35. Bxb3 cxb3 36. Nxc3 Rxg2 37. Ne2 Rxh2 38. Kd2 b2 39. Re1 Bc4 40. Kc3
Rxe2 41. Rd1 Ba2 42. Kd3 Rf2 43. Ke3 Rc2 44. Kd3 Rc1 0-1

[Event "XIII Festival A"]
[Site "Bolzano - Bozen ITA"]
[Date "1998.06.18"]
[Round "7"]
[White "Staindl, Erwin"]
[Black "Bertagnolli, Alexander"]
[WhiteElo "1804"]
[BlackElo "1693"]
[Result "0-1"]
[PlyCount "80"]
[EventDate "1998.06.13"]

1. c4 f5 2. Nc3 Nf6 3. g3 e5 4. Bg2 Nc6 5. e3 Bb4 6. Nge2 O-O 7. a3 Bxc3 8.
Nxc3 d6 9. O-O Be6 10. b3 Bf7 11. d4 e4 12. Qc2 d5 13. c5 Bh5 14. Ne2 g5 15. f4
exf3 16. Bxf3 Bxf3 17. Rxf3 Ne4 18. Bd2 Ne7 19. Kg2 Qe8 20. Ba5 Rc8 21. h3 Ng6
22. c6 b6 23. Bb4 Rf6 24. Rc1 a5 25. Bd2 Ne7 26. Qa2 Rxc6 27. Rxc6 Qxc6 28. b4
Qc4 29. Qxc4 dxc4 30. Be1 axb4 31. Bxb4 Nd5 32. g4 c3 33. gxf5 c5 34. dxc5 bxc5
35. Bxc3 Ndxc3 36. Nxc3 Nxc3 37. h4 Ne4 38. hxg5 c4 39. Rf1 c3 40. Rc1 c2 0-1

[Event "XIII Festival A"]
[Site "Bolzano - Bozen ITA"]
[Date "1998.06.18"]
[Round "7"]
[White "Zammarchi, Massimo"]
[Black "Dinser, Hans"]
[WhiteElo "1798"]
[BlackElo "2045"]
[Result "0-1"]
[PlyCount "68"]
[EventDate "1998.06.13"]

1. e4 c5 2. Nf3 Nc6 3. d4 cxd4 4. Nxd4 Nf6 5. Nc3 g6 6. Be3 d6 7. f3 Bg7 8. Qd2
O-O 9. g4 h5 10. h3 Re8 11. O-O-O Bd7 12. Nd5 h4 13. Be2 Nxd4 14. Bxd4 Nxd5 15.
Bxg7 Kxg7 16. exd5 b5 17. Qd4+ Kg8 18. Bd3 e5 19. dxe6 Bxe6 20. Bxb5 Qg5+ 21.
Kb1 Qxb5 22. f4 Qc4 23. Qxc4 Bxc4 24. b3 Be6 25. Rxd6 Red8 26. Rhd1 Rxd6 27.
Rxd6 a5 28. c4 a4 29. Kb2 axb3 30. axb3 Kg7 31. c5 Rb8 32. Rd3 Kf6 33. Ka3 Ke7
34. b4 Ra8+ 0-1

[Event "XIII Festival A"]
[Site "Bolzano - Bozen ITA"]
[Date "1998.06.18"]
[Round "7"]
[White "Zsinka, Laszlo"]
[Black "Trentini, Danilo"]
[WhiteElo "2365"]
[BlackElo "1957"]
[Result "1/2-1/2"]
[PlyCount "82"]
[EventDate "1998.06.13"]

1. d4 Nf6 2. c4 e6 3. Nc3 Bb4 4. e3 c5 5. Bd3 Nc6 6. Nf3 Bxc3+ 7. bxc3 d6 8. e4
e5 9. h3 h6 10. Be3 Qa5 11. Bd2 Bd7 12. O-O Qc7 13. Be3 Ne7 14. Nh4 g5 15. Qf3
Nfg8 16. Nf5 Nxf5 17. exf5 Nf6 18. Be4 Nxe4 19. Qxe4 Bc6 20. d5 Bd7 21. f4 f6
22. fxe5 dxe5 23. a4 Qd6 24. a5 Rc8 25. Rfb1 Rc7 26. Rb2 Kd8 27. Ra3 Rh7 28.
Rab3 Ba4 29. Ra3 Be8 30. Ra1 Ke7 31. h4 Kf8 32. Rab1 Kg8 33. Kf2 Kh8 34. Rh1
Kg8 35. Qb1 Qd7 36. Qe4 Qd6 37. hxg5 hxg5 38. Rxh7 Kxh7 39. Qb1 Qd7 40. a6 b6
41. Qe4 Qd6 1/2-1/2

[Event "XIII Festival A"]
[Site "Bolzano - Bozen ITA"]
[Date "1998.06.19"]
[Round "8"]
[White "Crea, Vincenzo"]
[Black "Erschbaumer, Helmut"]
[WhiteElo "2120"]
[BlackElo "1600"]
[Result "1-0"]
[PlyCount "126"]
[EventDate "1998.06.13"]

1. d4 Nf6 2. Nf3 g6 3. Bf4 Bg7 4. e3 Nd5 5. Bg3 c5 6. c3 cxd4 7. cxd4 O-O 8.
Bc4 Nb6 9. Be2 d6 10. Nc3 Be6 11. Nd2 f5 12. O-O Bf7 13. Nf3 h6 14. h4 N8d7 15.
Qc2 e5 16. Rfd1 Qe7 17. h5 g5 18. Qxf5 Bb3 19. Qd3 Bxd1 20. Bxd1 Rfe8 21. Bc2
Nf8 22. Bb3+ Kh8 23. dxe5 dxe5 24. Ne4 Red8 25. Qe2 Rac8 26. Nfd2 Ne6 27. Qg4
Nc5 28. Bd1 Nxe4 29. Nxe4 Rc4 30. Bb3 Rb4 31. f3 Nd5 32. Be1 Rb5 33. Nc3 Nf6
34. Qf5 Rc5 35. g4 e4 36. Qg6 exf3 37. Bc2 Qe6 38. Bf5 Qe8 39. Kf2 Qxg6 40.
hxg6 Re5 41. e4 Rd3 42. Rc1 Bf8 43. Kg1 Rd8 44. Bg3 Rc5 45. Bf2 Ra5 46. Be3 Bc5
47. Kf2 Bxe3+ 48. Kxe3 Nd7 49. Rd1 Rxf5 50. gxf5 g4 51. e5 Re8 52. Rxd7 Rxe5+
53. Kf2 Rxf5 54. Ne4 h5 55. Rxb7 h4 56. Rh7+ Kg8 57. Rxh4 Rf4 58. Rxg4 Rxg4 59.
Nf6+ Kg7 60. Nxg4 Kxg6 61. Kxf3 Kg5 62. Ne3 Kf6 63. Ke4 Ke6 1-0

[Event "XIII Festival A"]
[Site "Bolzano - Bozen ITA"]
[Date "1998.06.19"]
[Round "8"]
[White "Kowalczyk, Martin"]
[Black "Squarci, Franco"]
[WhiteElo "1965"]
[BlackElo "1948"]
[Result "0-1"]
[PlyCount "82"]
[EventDate "1998.06.13"]

1. e4 d6 2. d4 Nf6 3. Nc3 c6 4. f4 g6 5. Nf3 Bg7 6. Bd3 O-O 7. O-O Qb6 8. Na4
Qc7 9. h3 b5 10. Nc3 b4 11. Ne2 c5 12. c3 Bb7 13. Ng3 Nbd7 14. f5 d5 15. e5 Ne4
16. Qe1 cxd4 17. cxd4 Qc6 18. Be3 Ba6 19. Bxa6 Qxa6 20. Nxe4 dxe4 21. Nh4 Nb6
22. fxg6 fxg6 23. Qxb4 Nd5 24. Qb3 e6 25. Bd2 Rab8 26. Qc2 e3 27. Bc3 Nf4 28.
Rxf4 Rxf4 29. Nf3 Bh6 30. a3 Rbf8 31. Re1 Rxf3 32. gxf3 Rxf3 33. Qe4 Rf2 34. d5
Rf4 35. Qg2 Rf5 36. d6 Rg5 37. Bd4 Rxg2+ 38. Kxg2 Qc6+ 39. Kg3 Qe4 40. Bc3 Bf4+
41. Kg4 h5+ 0-1

[Event "XIII Festival A"]
[Site "Bolzano - Bozen ITA"]
[Date "1998.06.19"]
[Round "8"]
[White "Ruzzier, Dario"]
[Black "Duarte, Riccardo"]
[WhiteElo "2095"]
[BlackElo "1822"]
[Result "1-0"]
[PlyCount "71"]
[EventDate "1998.06.13"]

1. d4 d5 2. c4 e6 3. Nc3 c6 4. Nf3 dxc4 5. e4 b5 6. e5 Bb4 7. Ng5 Nh6 8. Be2
Bb7 9. O-O a6 10. Bh5 Qe7 11. Nce4 O-O 12. a3 Ba5 13. Qc2 Nf5 14. g4 h6 15.
gxf5 exf5 16. Bxf7+ Kh8 17. Nd6 hxg5 18. Qxf5 Bc8 19. e6 Bxe6 20. Qxe6 Qxe6 21.
Bxe6 Rf6 22. Nf7+ Kh7 23. Nxg5+ Kg6 24. f4 Ra7 25. Bg4 Rf5 26. Bxf5+ Kxf5 27.
Nf3 Re7 28. Bd2 Bc7 29. Rae1 Rd7 30. Re8 Kf6 31. Bc3 Kf7 32. Rc8 Re7 33. Ne5+
Ke6 34. Bb4 Bxe5 35. dxe5 Rb7 36. Bd6 1-0

[Event "XIII Festival A"]
[Site "Bolzano - Bozen ITA"]
[Date "1998.06.19"]
[Round "8"]
[White "Staindl, Erwin"]
[Black "Zammarchi, Massimo"]
[WhiteElo "1804"]
[BlackElo "1798"]
[Result "1/2-1/2"]
[PlyCount "65"]
[EventDate "1998.06.13"]

1. Nf3 d5 2. g3 c5 3. Bg2 Nc6 4. d4 e6 5. O-O Nf6 6. c4 dxc4 7. Qa4 cxd4 8. Rd1
Bd7 9. Qxc4 b5 10. Qb3 Qb6 11. Na3 a6 12. e3 Be7 13. exd4 O-O 14. Nc4 Qc7 15.
Nce5 Nd5 16. a3 Rab8 17. Qd3 a5 18. Bd2 b4 19. Rac1 Qd6 20. Nc4 Qc7 21. Nfe5
Nxe5 22. Nxe5 Qb7 23. axb4 Bxb4 24. Bxb4 Bb5 25. Qf3 axb4 26. Rc5 Rbc8 27. Rdc1
Rxc5 28. dxc5 Bc6 29. Nxc6 Qxc6 30. Qb3 Rb8 31. Rc4 Qb5 32. c6 Rc8 33. c7
1/2-1/2

[Event "XIII Festival A"]
[Site "Bolzano - Bozen ITA"]
[Date "1998.06.19"]
[Round "8"]
[White "Trentini, Danilo"]
[Black "Mitkov, Nikola"]
[WhiteElo "1957"]
[BlackElo "2500"]
[Result "0-1"]
[PlyCount "30"]
[EventDate "1998.06.13"]

1. d4 Nf6 2. Nf3 d5 3. c4 e6 4. cxd5 exd5 5. Nc3 Bb4 6. Qa4+ Nc6 7. Bg5 h6 8.
Bxf6 Qxf6 9. Ne5 O-O 10. Nxc6 Bxc3+ 11. bxc3 bxc6 12. g3 a5 13. Qd1 Re8 14. Bg2
Ba6 15. e3 Qg6 0-1

[Event "XIII Festival A"]
[Site "Bolzano - Bozen ITA"]
[Date "1998.06.19"]
[Round "8"]
[White "Vegh, Endre"]
[Black "Di Lazzaro, Gabriele"]
[WhiteElo "2350"]
[BlackElo "2030"]
[Result "1-0"]
[PlyCount "55"]
[EventDate "1998.06.13"]

1. d4 g6 2. c4 Bg7 3. e4 c5 4. d5 d6 5. Nc3 Nf6 6. f4 O-O 7. Nf3 e6 8. Be2 exd5
9. cxd5 Bg4 10. O-O Re8 11. h3 Bxf3 12. Bxf3 b5 13. e5 Nfd7 14. Nxb5 dxe5 15.
fxe5 Nxe5 16. d6 Nxf3+ 17. Qxf3 Na6 18. Qxf7+ Kh8 19. Bf4 Qb6 20. a4 Rf8 21.
Qc4 Qc6 22. Rae1 Rfe8 23. Re7 Rxe7 24. dxe7 Re8 25. Re1 Qd7 26. Qf7 Bd4+ 27.
Nxd4 Qxd4+ 28. Kh1 1-0

[Event "XIII Festival A"]
[Site "Bolzano - Bozen ITA"]
[Date "1998.06.20"]
[Round "9"]
[White "De Eccher, Stefano"]
[Black "Trentini, Danilo"]
[WhiteElo "2265"]
[BlackElo "1957"]
[Result "1-0"]
[PlyCount "29"]
[EventDate "1998.06.13"]

1. e4 c6 2. d4 d5 3. f3 dxe4 4. fxe4 e5 5. Nf3 Be6 6. Be3 Nf6 7. Bd3 Nbd7 8. c3
Be7 9. Nbd2 h6 10. Qe2 Qc7 11. Nc4 Ng4 12. Bg1 b5 13. Ne3 O-O 14. d5 Nxe3 15.
dxe6 1-0

[Event "XIII Festival A"]
[Site "Bolzano - Bozen ITA"]
[Date "1998.06.20"]
[Round "9"]
[White "Di Lazzaro, Gabriele"]
[Black "Luciani, Valerio"]
[WhiteElo "2030"]
[BlackElo "2220"]
[Result "0-1"]
[PlyCount "70"]
[EventDate "1998.06.13"]

1. d4 f5 2. Bg5 g6 3. Nc3 d5 4. Nf3 Nh6 5. Ne5 Be6 6. e3 Nd7 7. Bf4 Nf7 8. Nxf7
Kxf7 9. Nb5 c6 10. Nc7 Rc8 11. Nxe6 Kxe6 12. Bd3 Qa5+ 13. c3 Kf7 14. O-O Bg7
15. f3 e5 16. dxe5 Bxe5 17. Bxe5 Nxe5 18. e4 Qb6+ 19. Kh1 dxe4 20. Bc2 Rcd8 21.
Qe1 e3 22. Qh4 Rde8 23. Qh6 Kf6 24. Rfd1 Nf7 25. Qh4+ Kg7 26. Bb3 Rd8 27. Qe7
Rhf8 28. Bxf7 Rxd1+ 29. Rxd1 Rxf7 30. Qe5+ Kh6 31. Rd4 f4 32. Rxf4 Qd8 33. Rd4
Qe7 34. Qg3 e2 35. Re4 Qxe4 0-1

[Event "XIII Festival A"]
[Site "Bolzano - Bozen ITA"]
[Date "1998.06.20"]
[Round "9"]
[White "Duarte, Riccardo"]
[Black "Jaenig, Reinhard"]
[WhiteElo "1822"]
[BlackElo "2215"]
[Result "0-1"]
[PlyCount "128"]
[EventDate "1998.06.13"]

1. e4 c5 2. Nf3 e6 3. d4 cxd4 4. Nxd4 a6 5. Nc3 Qc7 6. Be3 Bb4 7. Bd2 Nf6 8.
Bd3 Bc5 9. Nb3 Ba7 10. O-O Nc6 11. Ne2 Ng4 12. Bf4 Nce5 13. Ned4 h5 14. h3 g5
15. Bxg5 Nxd3 16. hxg4 hxg4 17. g3 Nxb2 18. Qxg4 Rg8 19. Qh4 b5 20. Bf4 Qd8 21.
Qh7 Rf8 22. Bd6 Qf6 23. Bxf8 Kxf8 24. c3 Bb7 25. Rae1 Ke7 26. Qh4 Qxh4 27. gxh4
Rh8 28. Nf3 Nd3 29. Re2 Nf4 30. Ree1 Ng6 31. Kg2 f5 32. Nbd2 Nf4+ 33. Kg3 Bb8
34. e5 Nd3 35. Re2 Rg8+ 36. Kh2 Nf4 37. Re3 Ba7 38. Nd4 Rg4 39. f3 Rxh4+ 40.
Kg3 Rh3+ 41. Kf2 Rh2+ 42. Ke1 Ng2+ 43. Kf2 Nxe3+ 44. Kxe3 f4+ 45. Kd3 Bb8 46.
Re1 Rh5 47. c4 Bxe5 48. cxb5 Bg7 49. Ne2 Rd5+ 50. Kc2 Rc5+ 51. Kd1 Rxb5 52.
Nxf4 Rb2 53. Ne2 Rxa2 54. f4 Bc6 55. Nc1 Rb2 56. Nd3 Ba4+ 57. Ke2 Bb5 58. Ke3
Rc2 59. Ne5 d6 60. Nef3 Bc3 61. Rd1 Ba5 62. Kf2 Ra2 63. Ke1 Bc6 64. Nd4 Ba4 0-1

[Event "XIII Festival A"]
[Site "Bolzano - Bozen ITA"]
[Date "1998.06.20"]
[Round "9"]
[White "Erschbaumer, Helmut"]
[Black "Dinser, Hans"]
[WhiteElo "1600"]
[BlackElo "2045"]
[Result "1-0"]
[PlyCount "127"]
[EventDate "1998.06.13"]

1. e4 c5 2. Nf3 d6 3. d4 cxd4 4. Nxd4 Nf6 5. Nc3 g6 6. Be3 Bg7 7. f3 Nc6 8. Qd2
O-O 9. Bc4 Bd7 10. O-O-O Rc8 11. Bb3 Ne5 12. h4 h5 13. Kb1 Nc4 14. Bxc4 Rxc4
15. Nde2 b5 16. Bh6 b4 17. Nd5 Nxd5 18. Bxg7 Kxg7 19. Qxd5 Be6 20. Qg5 Rc5 21.
Qd2 Qa5 22. b3 Rfc8 23. Rc1 Qa3 24. Qd4+ f6 25. Qb2 Qxb2+ 26. Kxb2 a5 27. c4 g5
28. hxg5 Rxg5 29. Rh2 Bf7 30. Rch1 Rg8 31. Kc1 Kf8 32. g3 a4 33. Kd2 axb3 34.
axb3 Ra5 35. Kd3 e5 36. Rg1 Ra2 37. Rhh1 Ke7 38. Ra1 Rga8 39. Rxa2 Rxa2 40. Re1
Rb2 41. Nc1 Rf2 42. Ke3 Rc2 43. Rf1 Rb2 44. Rf2 Rb1 45. Rc2 Kd7 46. Kd2 Ra1 47.
Ra2 Rxa2+ 48. Nxa2 Bg6 49. Nxb4 f5 50. exf5 Bxf5 51. Nd5 Bg6 52. b4 Bf7 53. Kd3
Bg6+ 54. Ke3 Bf7 55. f4 exf4+ 56. Kxf4 Kc6 57. Ne3 Kb6 58. Kf5 Kc6 59. Kf6 Be8
60. Nf5 Bd7 61. Nd4+ Kc7 62. Ne6+ Kc6 63. b5+ Kb6 64. Ke7 1-0